Stato personale paolino aggiornato al 1° marzo 2012 (Record n. 37941)

Dettagli MARC
000 -LEADER
fixed length control field 00781nam a22001697a 4500
003 - CONTROL NUMBER IDENTIFIER
control field IT-RoPau
005 - DATE AND TIME OF LATEST TRANSACTION
control field 20220918175940.0
008 - FIXED-LENGTH DATA ELEMENTS--GENERAL INFORMATION
fixed length control field 130201b xxu||||| |||| 00| 0 eng d
040 ## - CATALOGING SOURCE
Transcribing agency IT-RoPau
100 ## - MAIN ENTRY--PERSONAL NAME
Personal name Famiglia Paolina
9 (RLIN) 98
245 ## - TITLE STATEMENT
Title Stato personale paolino aggiornato al 1° marzo 2012
Remainder of title Comunità e membri
260 ## - PUBLICATION, DISTRIBUTION, ETC. (IMPRINT)
Place of publication, distribution, etc. Roma
Name of publisher, distributor, etc. Casa Generalizia della Società San Paolo
Date of publication, distribution, etc. 2012
300 ## - PHYSICAL DESCRIPTION
Extent 139 p.
Dimensions 21 cm
500 ## - GENERAL NOTE
General note Stato personale on line www.paulus.net. Pro manuscripto.
520 ## - SUMMARY, ETC.
Summary, etc. INDICE<br/>Società San Paolo;<br/>Circoscrizioni e comunità paoline;<br/>Governo Generale;<br/>Case direttamente dipendenti dal Governo Generale;<br/>Province;<br/>Regioni;<br/>Elenco alfabetico dei membri professi;<br/>Defunti della Società San Paolo;<br/>Elenco alfabetico delle comunità.
942 ## - ADDED ENTRY ELEMENTS (KOHA)
Source of classification or shelving scheme Dewey Decimal Classification
Koha item type LIBRO
Dati di copia
Withdrawn status Lost status Source of classification or shelving scheme Damaged status Not for loan Home library Current library Date acquired Total Checkouts Full call number Date last seen Price effective from Koha item type
    Dewey Decimal Classification Buone Condizioni Not For Loan PAULUS-BIBLIOTECA PAULUS-BIBLIOTECA 01/02/2013   P C1 01/02/2013 01/02/2013 LIBRO
    Dewey Decimal Classification Buone Condizioni Not For Loan PAULUS-BIBLIOTECA PAULUS-BIBLIOTECA 01/02/2013   P C1 01/02/2013 01/02/2013 LIBRO
    Dewey Decimal Classification Buone Condizioni Not For Loan PAULUS-BIBLIOTECA PAULUS-BIBLIOTECA 01/02/2013   P C1 01/02/2013 01/02/2013 LIBRO
CREDITS: SOCIETA' SAN PAOLO Via A.Severo, 58 - ROMA (RM) & PERIODICI SAN PAOLO SRL Via Giotto, 36 MILANO & CISF Via Giotto, 36 MILANO & EDIZIONI SAN PAOLO SRL,  Piazza Soncino, 5 CINISELLO BALSAMO (MI) -- ITALY